Kinesiology in physical education / (Record no. 76823)

MARC details
000 -LEADER
fixed length control field 00511nam a22001697a 4500
005 - DATE AND TIME OF LATEST TRANSACTION
control field 20130620151334.0
010 ## - LCCN (DPL NO)
LC control number ENG-107692
020 ## - INTERNATIONAL STANDARD BOOK NUMBER
International Standard Book Number 9788175246850
Terms of availability 750.00
035 ## - SYSTEM CONTROL NUMBER
System control number EN-91225
037 ## - SOURCE OF ACQUISITION
Source of stock number/acquisition DBAD/PUB
245 ## - TITLE STATEMENT
Title Kinesiology in physical education /
Statement of responsibility, etc edited and compiled by Sanjay R. Agashe
260 ## - PUBLICATION, DISTRIBUTION, ETC. (IMPRINT)
Place of publication, distribution, etc New Delhi
Name of publisher, distributor, etc Khel Sahitya Kendra
Date of publication, distribution, etc 2013
270 ## - ADDRESS
Address 7/26, Ansari Road, Daryaganj
City New Delhi
Postal code 110002
300 ## - PHYSICAL DESCRIPTION
Extent 280p. :
Dimensions 23cm(Hb)
Other physical details ill
700 ## - ADDED ENTRY--PERSONAL NAME
Personal name Agashe, Sanjay R.
942 ## - ADDED ENTRY ELEMENTS (KOHA)
Source of classification or shelving scheme Dewey Decimal Classification
Item type English Books
Call number suffix KIN
Holdings
Withdrawn status Lost status Not for loan Collection code Home library Current library Date acquired Source of acquisition Cost, normal purchase price Full call number Barcode Copy number Cost, replacement price Koha item type
    Not For Loan Non-fiction D.B.Act.Division D.B.Act.Division 20/06/2013 DBAD/PUB 750.00 KIN EN-91225 1 750.00 English Books

© Delhi Public Library
Hit Counter
free hit counter